00656 2200193 4500001002100000005001500021035002000036245013300056100001400189250002000203300005100223856002200274700007300296260003700369082001100406084001700417020001800434600001000452INLIS00000000114804820260330085044 a0010-03260005591 aBUKU LENGKAP SHALAT WAJIB DAN SUNNAT /cPenulis: Tim Qudsi, Editor: Qoni, Desain Cover: Aulia (r), Layout: desain.carbonmade.com0 aTim Qudsi aCetakan Pertama a171 halaman :bIlustrasi ;c14 x 20 cmeKertas aPerpustakaan Umum0 aEditor: Qoni, Desain Cover: Aulia (r), Layout: desain.carbonmade.com aYogyakarta :bQudsi Media,c2016 a297.38 a297.38 TIM b a9789791149389 4aAGAMA